| 000 -ლიდერი |
| ფიქსირებული სიგრძის საკონტროლო ველი |
01788nam a22001937a 4500 |
| 003 - საკონტროლო ნომრის იდენტიფიკატორი |
| საკონტროლო ველი |
Ge_BSU |
| 005 - ბოლო ოპერაციის თარიღი და დრო |
| საკონტროლო ველი |
20240621110253.0 |
| 008 - ფიქსირებული სიგრძის მონაცემთა ელემენტები - ზოგადი ინფორმაცია |
| ფიქსირებული სიგრძის საკონტროლო ველი |
240621s2009 ge ||||| |||| 00| 0 geo d |
| 020 ## - წიგნის საერთაშორისო სტანდარტული ნომერი |
| International Standard Book Number |
19877277 |
| 041 ## - ენის კოდი |
| Language code of text/sound track or separate title |
geo |
| 080 ## - უნივერსალური ათობითი კლასიფიკაციის ინდექსი |
| Universal Decimal Classification number |
615(063) ს-32 |
| 245 ## - ცნობა სათაურის შესახებ |
| Title |
საქართველოს მცენარეული და მინერალური წარმოშობის ბიოლოგიურად აქტიური ნივთიერებების შესწავლა = Изучение биологически активных соединений из растительного и минерального сырья Грузии = Investigation of Georgian Biologically Active Compounds of Plant and Mineral Origin / |
| Statement of responsibility, etc |
საქართველოს განათლების და მეცნიერების სამინისტრო; საქართველოს მეცნიერებათა ეროვნული აკადემია; ფარმაკოქიმიის ინსტიტუტი ი. ქუთათელაძის სახელობისა; რედ. ზ. ქემოკლიძე. |
| 264 ## - წარმოების, გამოცემის, დისტრიბუციის და სხვა ცნობები |
| გამოცემის, წარმოების, დისტრიბუციის... ადგილი |
თბილისი, |
| გამოცემის, წარმოების, დისტრიბუციის... თარიღი |
2009. |
| 300 ## - ფიზიკური აღწერა |
| Extent |
162 გვ. : |
| Other physical details |
სურ., ცხრ., ნახაზ. |
| Dimensions |
29 სმ. |
| 653 ## - INDEX TERM--UNCONTROLLED |
| Uncontrolled term |
მინერალური წარმოშობის ბიოლოგიურად აქტიური ნივთიერებება |
| 700 ## - ADDED ENTRY--PERSONAL NAME |
| Personal name |
ქემოკლიძე, ზ. |
| Relator term |
რედაქტორი |
| 9 (RLIN) |
22531 |
| 710 ## - ADDED ENTRY--CORPORATE NAME |
| Corporate name or jurisdiction name as entry element |
ფარმაკოქიმიის ინსტიტუტი ი. ქუთათელაძის სახელობის. |
| 9 (RLIN) |
22532 |
| 942 ## - ADDED ENTRY ELEMENTS (KOHA) |
| Source of classification or shelving scheme |
|
| Koha item type |
წიგნი |